| 000 | 00775nam a2200181 i 4500 | ||
|---|---|---|---|
| 001 | 67927 | ||
| 003 | ES-MaACL | ||
| 005 | 20250717065628.0 | ||
| 007 | t| | ||
| 008 | 040216s1917 sp ||||1| spa d | ||
| 100 | 1 |
_aGallo de Renovales, José. _953637 |
|
| 245 | 1 | 3 |
_aLa responsabilidad social _b: discurso pronunciado el día 29 de octubre de 1917 en la sesión inaugural de las Academias de la Congregación de Nuestra Señora del Buen Consejo y San Luis Gonzaga / _cpor el académico de sociología José Gallo de Renovales... ; precedido de una carta del R.P. Castañar, S.J. |
| 260 |
_aMadrid : _bJuventud Española, _c1917. |
||
| 300 |
_a19 p. ; _c23 cm. |
||
| 650 | 7 |
_aProblemas sociales _2embne _916415 |
|
| 852 |
_aES-MaACL _j1560-F-21 |
||
| 999 |
_c67927 _d67927 |
||